000 00520cam a22001457a 4500
008 180718b1992 xxu||||| |||| 00| 0 eng d
082 _aAPPPA 91-92 SIN
100 _aSingh, D.V.
245 _aImpact of quality and safety testing & certificate of industrial electronic products on export
_cby D.V. Singh
260 _aNew Delhi
_bIndian Institute of Public Administration
_c1992
300 _a100+p.
650 _aElectronic export
650 _aCertification-electronic products
650 _aQuality and safety testing
999 _c501571
_d501571